000
00194nam a2200073Ia 4500
008
170523s9999 xx 000 0 und d
100
_a
Lin- Yi-Bang
245
0
_a
Wireless and Mobile Network Architectures
260
_a
Wiley India
999
_c
12054
_d
12054